000 00521nam a22001697a 4500
005 20251108175402.0
008 250721s2013 xx 000 0 ara d
082 1 4 _a657.42/رزق
100 1 _aالرزق، صالح
245 1 0 _aمبادئ محاسبة التكاليف المعيارية ..... /
264 1 _aعمان :
_bدار زهران،
_c2013.
300 _a487 ص.
650 1 7 _aمحاسبة التكاليف
700 1 _aبن وراد، عطا الله خليل
942 _2ddc
_cBK
999 _c132885
_d132885